|
|
|
|
| LEADER |
00000nam0a2200000 4500 |
| 001 |
36319 |
| 005 |
20231031001642.0 |
| 035 |
|
|
|a (RuTPU)RU\TPU\book\36789
|
| 035 |
|
|
|a BOOK00003441
|
| 090 |
|
|
|a 36319
|
| 100 |
|
|
|a 20011210d1968 km y0rusy50 ca
|
| 101 |
0 |
|
|a rus
|
| 102 |
|
|
|a RU
|
| 105 |
|
|
|a a z 000zy
|
| 200 |
1 |
|
|a Масс-спектрометрические приборы
|f А. Э. Рафальсон, А. М. Шерешевский
|
| 210 |
|
|
|a Москва
|c Атомиздат
|d 1968
|
| 215 |
|
|
|a 235 с.
|c ил.
|
| 320 |
|
|
|a Библиогр. в конце глав.
|
| 610 |
1 |
|
|a масс-спектрометры
|
| 610 |
1 |
|
|a приборы
|
| 610 |
1 |
|
|a применение
|
| 610 |
1 |
|
|a газообразные вещества
|
| 610 |
1 |
|
|a жидкие вещества
|
| 610 |
1 |
|
|a твердые вещества
|
| 610 |
1 |
|
|a состав
|
| 610 |
1 |
|
|a анализ
|
| 610 |
1 |
|
|a исследования
|
| 675 |
|
|
|a 531.7
|v 3
|
| 700 |
|
1 |
|a Рафальсон
|b А. Э.
|
| 701 |
|
1 |
|a Шерешевский
|b А. М.
|
| 801 |
|
0 |
|a RU
|b 63413507
|c 20011210
|g PSBO
|
| 801 |
|
2 |
|a RU
|b 63413507
|c 20140929
|g PSBO
|
| 900 |
|
|
|a Физические методы анализа
|
| 900 |
|
|
|a Масс-спектрометрические методы анализа
|
| 942 |
|
|
|c BK
|